| 000 | 00331 a2200121 4500 | ||
|---|---|---|---|
| 001 | 33957 | ||
| 082 | _a327.45910581 MUR | ||
| 090 |
_c22522 _d22522 |
||
| 100 | _aMurtaza M. | ||
| 245 | _aThe Curtain Rises : Uncovered conspiracies in Pakistan, Afghanistan | ||
| 260 |
_aKarachi _bRoyal Book company _c2001 |
||
| 300 | _a185p | ||
| 942 |
_aNUST-CAE _k327.45910581 MUR |
||
| 999 |
_c269030 _d269030 |
||